000 00520nam a2200193Ia 4500
005 20250508163541.0
008 008 250505s9999 xx 000 0 hin d
037 _aTextual
040 _aFEDL
_beng
_cFEDL
041 _ahin
_2eng
084 _a370.15, HAR
_qFEDL
100 _aHart Bernard
245 0 _aUnmad ka manovigyan
260 _aNew Delhi, India
_bGranth Akademi
_c1986
300 _a148p.
650 _aEducation - Psychology
942 _cTEXL
_h370.15, HAR
999 _c1384024
_d1384024